Filmfare Awards - Best Actress Quiz - Statistics

General Stats
  • This quiz has been taken 42 times
  • The average score is 52 of 70
Answer Stats
Years Movies Actress % Correct
2008 Jab We Met Kareena Kapoor
100%
2003 Devdas Aishwarya Rai
96%
2000 Hum Dil De Chuke Sanam Aishwarya Rai
96%
2024 Rocky Aur Rani Kii Prem Kahani Alia Bhatt
96%
2023 Gangubai Kathiawadi Alia Bhatt
96%
2020 Gully Boy Alia Bhatt
96%
2019 Raazi Alia Bhatt
96%
2017 Udta Punjab Alia Bhatt
96%
2016 Piku Deepika Padukone
96%
2014 Goliyon Ki Rasleela Ram-Leela Deepika Padukone
96%
2011 My Name Is Khan Kajol
96%
2007 Fanaa Kajol
96%
2002 Kabhi Khushi Kabhie Gham Kajol
96%
1999 Kuch Kuch Hota Hai Kajol
96%
1996 Dilwale Dulhania Le Jayenge Kajol
96%
2015 Queen Kangana Ranaut
96%
1998 Dil Toh Pagal Hai Madhuri Dixit
96%
1995 Hum Aapke Hain Koun...! Madhuri Dixit
96%
1993 Beta Madhuri Dixit
96%
1991 Dil Madhuri Dixit
96%
2009 Fashion Priyanka Chopra
96%
2004 Kal Ho Naa Ho Preity Zinta
92%
1994 Hum Hain Rahi Pyar Ke Juhi Chawla
88%
2001 Fiza Karisma Kapoor
88%
1997 Raja Hindustani Karisma Kapoor
88%
2022 Mimi` Kriti Sanon
88%
1992 Lamhe Sridevi
88%
1990 Chaalbaaz Sridevi
88%
2021 Thappad Taapsee Pannu
88%
2018 Tumhari Sulu Vidya Balan
88%
2013 Kahaani Vidya Balan
88%
2012 The Dirty Picture Vidya Balan
88%
2010 Paa VIdya Balan
88%
1989 Khoon Bhari Maang Rekha
85%
1981 Khubsoorat Rekha
85%
2006 Black Rani Mukerji
81%
2005 Hum Tum Rani Mukerji
81%
1980 Nauker` Jaya Bachchan
77%
1975 Kora Kagaz Jaya Bachchan
77%
1974 Abhimaan Jaya Bachchan
77%
1986 Saagar Dimple Kapadia
73%
1974 Bobby Dimple Kapadia
73%
1973 Seeta Aur Geeta Hema Malini
69%
1985 Bhavna Shabana Azmi
65%
1984 Arth Shabana Azmi
65%
1978 Swami Shabana Azmi
65%
1958 Mother India Nargis
58%
1979 Main Tulsi Tere Aangan Ki Nutan
54%
1968 Milan Nutan
54%
1964 Bandini Nutan
54%
1960 Sujata Nutan
54%
1957 Seema Nutan
54%
1970 Aradhana Sharmila Tagore
54%
1969 Neel Kamal Waheeda Rehman
54%
1967 Guide Waheeda Rehman
54%
1972 Kati Patang Asha Parekh
50%
1976 Julie Lakshmi
50%
1961 Ghunghat Bina Rai
46%
1966 Kaajal Meena Kumari
42%
1963 Sahib Bibi Aur Ghulam Meena Kumari
42%
1955 Parineeta Meena Kumari
42%
1954 Baiju Bawra Meena Kumari
42%
1971 Khilona Mumtaz
42%
1983 Prem Rog Padmini Kolhapure
42%
1982 Chakra Smita Patil
42%
1977 Tapasya Raakhee
38%
1965 Sangam Vyjayanthimala
38%
1962 Gunga Jumna Vyjayanthimala
38%
1959 Sadhna Vyjayanthimala
38%
1956 Biraj Bahu Kamini Kaushal
31%
No matching quizzes found
Score Distribution
Percent of People with Each Score
Percentile by Number Answered
Your Score History
You have not taken this quiz